MARC

LEADER 00000nam0a2200000 4500
001 372961
005 20231101050525.0
035 |a (RuTPU)RU\TPU\retro\30386 
035 |a RU\TPU\book\206746 
090 |a 372961 
100 |a 20221215d1934 m y0rusy50 ca 
101 0 |a rus 
102 |a RU 
105 |a a z 001zy 
200 1 |a Керченская металлургия  |f под ред. М. И. Кантора  |h Т. 1 
210 |a Москва  |a Ленинград  |a Свердловск  |c НКТП  |d 1934 
215 |a 260 с.  |c ил. 
225 1 |a Труды комиссии по керченским рудам 
320 |a Библиогр.: с. 256-258. 
610 1 |a металлургия 
610 1 |a рудные месторождения 
610 1 |a Керченский полуостров 
610 1 |a подготовка 
610 1 |a обогащение 
610 1 |a мышьяк 
610 1 |a агломерация 
610 1 |a ванадий 
610 1 |a экономика 
675 |a 669  |v 3 
702 1 |a Кантор  |b М. И.  |4 340 
801 1 |a RU  |b 63413507  |c 20110114 
801 2 |a RU  |b 63413507  |c 20221215  |g RCR 
942 |c BK